[Event "Nice ol (Men)"]
[Site "Nice FRA"]
[Date "1974.??.??"]
[Round "7"]
[White "Byrne, Robert E"]
[Black "Korchnoi, Viktor L"]
[Result "1/2-1/2"]
[WhiteElo "2595"]
[BlackElo "2670"]
[PlyCount "83"]
[EventDate "1974.06.06"]
[Source "www.chesslib.no"]
[SourceDate "2004.05.04"]

1. e4 e6 2. d4 d5 3. Nc3 Bb4 4. e5 c5 5. a3 Bxc3+ 6. bxc3 Ne7 7. a4 Qa5 8. Bd2 Nbc6 9. Nf3 Bd7 10. Bb5 Qc7 11. O-O O-O 12. Re1 b6 13. Bd3 h6 14. Qc1 c4 15. Be2 f6 16. Bf4 Ng6 17. Bg3 fxe5 18. dxe5 Nge7 19. Nd4 Nxd4 20. cxd4 Nf5 21. c3 Be8 22. Bg4 Bg6 23. Qa3 Qf7 24. f3 Nxg3 25. hxg3 h5 26. Bh3 Bd3 27. Qc1 Qe7 28. Qa3 Kf7 29. f4 Qxa3 30. Rxa3 Ke7 31. Ra2 Kd7 32. Rb2 Rab8 33. Rb5 Bf5 34. Bxf5 Rxf5 35. Reb1 Kc6 36. a5 Rf7 37. Kf2 Rfb7 38. Ke3 g6 39. Kd2 Rf8 40. R5b2 b5 41. Rh1 a6 42. Rbb1 1/2-1/2

[Event "National op"]
[Site "Las Vegas"]
[Date "2001.03.11"]
[Round "6"]
[White "Zhang Zhong"]
[Black "Kosyrev, Vladimir"]
[Result "1-0"]
[WhiteElo "2607"]
[BlackElo "2565"]
[PlyCount "109"]
[EventDate "2001.03.09"]
[Source "ChessBase"]
[SourceDate "2001.05.06"]

1. e4 e6 2. d4 d5 3. Nc3 Bb4 4. e5 c5 5. a3 Bxc3+ 6. bxc3 Ne7 7. a4 Qa5 8. Bd2 Nbc6 9. Nf3 c4 10. Ng5 h6 11. Nh3 Bd7 12. Nf4 O-O-O 13. Nh5 Rhg8 14. g3 Rdf8 15. Bh3 f5 16. O-O Be8 17. Nf4 Bf7 18. Ne2 g5 19. Bc1 Kb8 20. Ba3 Ka8 21. Qd2 Re8 22. Rfb1 Nc8 23. Bg2 Rg7 24. Rb5 Qd8 25. Rab1 Bh5 26. Nc1 f4 27. Na2 f3 28. Bf1 Bg6 29. Qd1 g4 30. h3 gxh3 31. Qxf3 Bxc2 32. Re1 Bxa4 33. Rb2 Bb3 34. Ra1 h5 35. Bxh3 Bxa2 36. Rbxa2 h4 37. g4 Qd7 38. Qe3 Reg8 39. f3 b6 40. Rg2 N8e7 41. f4 b5 42. Bc5 Kb7 43. Kh2 Nc8 44. Qf3 Nb6 45. Rb2 a6 46. Rba2 Na4 47. Bd6 Ka7 48. f5 Qf7 49. f6 Rg6 50. Rxa4 bxa4 51. Qd1 a3 52. Bxa3 Qb7 53. Rb1 Qd7 54. Bc5+ Ka8 55. Qa4 1-0

[Event "Minsk op"]
[Site "?"]
[Date "1996.??.??"]
[Round "1"]
[White "Deiko Alexei"]
[Black "Belozerov Andrei"]
[Result "0-1"]
[WhiteElo "2560"]
[BlackElo "2560"]
[PlyCount "45"]
[EventDate "1996.??.??"]
[Source "www.chesslib.no"]
[SourceDate "2004.05.04"]

1. e4 e6 2. d4 d5 3. Nc3 Bb4 4. e5 c5 5. a3 Bxc3+ 6. bxc3 Ne7 7. a4 Nbc6 8. Nf3 Qa5 9. Bd2 Bd7 10. Be2 O-O-O 11. O-O f6 12. c4 Qc7 13. cxd5 Nxd5 14. c4 Nde7 15. exf6 gxf6 16. dxc5 e5 17. Qc2 Rhg8 18. Rfe1 Bf5 19. Qb2 Be4 20. g3 Nf5 21. Bc3 Ncd4 22. Bxd4 exd4 23. Nd2 0-1

[Event "Elista ol (Men)"]
[Site "Elista"]
[Date "1998.10.03"]
[Round "5"]
[White "Hernandez, Gilberto"]
[Black "Atalik, Suat"]
[Result "1/2-1/2"]
[WhiteElo "2520"]
[BlackElo "2585"]
[PlyCount "45"]
[EventDate "1998.09.29"]
[Source "ChessBase"]
[SourceDate "1998.11.06"]

1. e4 e6 2. d4 d5 3. Nc3 Bb4 4. e5 c5 5. a3 Bxc3+ 6. bxc3 Ne7 7. a4 Qc7 8. Nf3 h6 9. Bd3 Nbc6 10. O-O cxd4 11. cxd4 Nb4 12. Ba3 Nxd3 13. cxd3 Bd7 14. Bd6 Qd8 15. Qb3 Bc6 16. Qa3 Nf5 17. Rfe1 h5 18. a5 a6 19. Bc5 Rg8 20. Qc1 g5 21. Bb6 Qe7 22. Bc5 Qd8 23. Bb6 1/2-1/2

[Event "Skopje olm"]
[Site "?"]
[Date "1972.??.??"]
[Round "?"]
[White "Tringov, Georgi P"]
[Black "Korchnoi, Viktor L"]
[Result "0-1"]
[WhiteElo "2460"]
[BlackElo "2640"]
[PlyCount "103"]
[EventDate "1972.??.??"]
[Source "www.chesslib.no"]
[SourceDate "2004.05.04"]

1. e4 e6 2. d4 d5 3. Nc3 Bb4 4. e5 c5 5. a3 Bxc3+ 6. bxc3 Ne7 7. a4 Nbc6 8. Nf3 Qa5 9. Qd2 Bd7 10. Bd3 f6 11. O-O fxe5 12. Nxe5 Nxe5 13. dxe5 O-O 14. c4 Qc7 15. Re1 Bc6 16. Qe2 dxc4 17. Bxc4 Bd5 18. Bxd5 Nxd5 19. c4 Ne7 20. Bb2 Rad8 21. Rad1 Rd7 22. Rd6 Nf5 23. Rxe6 Qc8 24. Rd6 Nxd6 25. exd6 Rdf7 26. f3 Qd7 27. Qd1 Re8 28. Be5 Re6 29. f4 b6 30. Re3 Rf5 31. Rd3 Rf7 32. h3 Re8 33. Rg3 Re6 34. Rd3 Re8 35. Rg3 Qb7 36. Qd3 Qc6 37. Qc3 Qd7 38. a5 Re6 39. axb6 axb6 40. Qb2 Rxd6 41. Bxd6 Qxd6 42. Qe5 Qxe5 43. fxe5 Re7 44. Rb3 Rxe5 45. Rxb6 Re4 46. Rb8+ Kf7 47. Rb7+ Kg6 48. Rb6+ Kg5 49. Rb7 Kh6 50. Rc7 Rxc4 51. Rc6+ g6 52. Rc7 0-1

[Event "Playchess"]
[Site "?"]
[Date "2005.06.16"]
[Round "?"]
[White "Sommerbauer Norbert"]
[Black "Short Nigel D"]
[Result "1/2-1/2"]
[WhiteElo "2419"]
[BlackElo "2673"]
[PlyCount "95"]
[EventDate "2005.??.??"]
[Source "www.chesslib.no"]
[SourceDate "2004.05.04"]

1. e4 e6 2. d4 d5 3. Nc3 Bb4 4. e5 c5 5. a3 Bxc3+ 6. bxc3 Ne7 7. a4 Qa5 8. Qd2 b6 9. Bb5+ Bd7 10. Bd3 Nbc6 11. Nf3 cxd4 12. cxd4 Nb4 13. Ba3 Nxd3+ 14. cxd3 Nc6 15. Qxa5 Nxa5 16. Bb4 Nc6 17. Bd6 f6 18. Kd2 Kf7 19. Rhc1 Rhc8 20. Ke3 Na5 21. Nd2 Rxc1 22. Rxc1 Rc8 23. Rxc8 Bxc8 24. Nb1 f5 25. Nc3 Bd7 26. Nb5 g5 27. Nxa7 Bxa4 28. Bc7 f4+ 29. Kd2 Nc6 30. Nxc6 Bxc6 31. Bxb6 Kg6 32. Ke2 Kf5 33. f3 h5 34. h3 g4 35. hxg4+ hxg4 36. fxg4+ Kxg4 37. Kf2 Bb5 38. Bc5 Bxd3 39. Bb6 Be4 40. Bc5 Bg6 41. Bb6 Bh5 42. Bc5 Kf5 43. Bb6 Ke4 44. Bc5 Bg4 45. Bb6 f3 46. Bc5 fxg2 47. Kxg2 Bf5 48. Kg3 1/2-1/2

[Event "World Cup VI Final"]
[Site "World Cup VI Final"]
[Date "1994.??.??"]
[Round "?"]
[White "Koltsov, Vyacheslav Aleksand"]
[Black "Voyna, Alexandr"]
[Result "1-0"]
[WhiteElo "2495"]
[BlackElo "2590"]
[PlyCount "85"]
[EventDate "1994.??.??"]
[Source "www.chesslib.no"]
[SourceDate "2004.05.04"]

1. e4 e6 2. d4 d5 3. Nc3 Bb4 4. e5 c5 5. a3 Bxc3+ 6. bxc3 Ne7 7. a4 Nbc6 8. Nf3 Qa5 9. Qd2 Bd7 10. Ba3 cxd4 11. cxd4 Qxd2+ 12. Kxd2 Nf5 13. Bb2 Na5 14. Bc3 Nc4+ 15. Bxc4 dxc4 16. Bb4 Bc6 17. Kc3 Rc8 18. a5 Ne7 19. Bxe7 Kxe7 20. Nd2 f6 21. Rhe1 f5 22. Reb1 Rc7 23. f3 Bd5 24. h4 h6 25. Nf1 f4 26. Nd2 g5 27. Ne4 Bxe4 28. fxe4 gxh4 29. d5 Kd8 30. Rh1 Rg8 31. Rxh4 Rg3+ 32. Kd4 Rxg2 33. Rxh6 c3 34. Rh8+ Kd7 35. Rh7+ Kd8 36. Rxc7 Kxc7 37. Rh1 Rxc2 38. Rh7+ Kc8 39. Kc5 a6 40. Kd6 Kb8 41. Rh3 exd5 42. exd5 Rc1 43. e6 1-0

[Event "Vrnjacka Banja"]
[Site "Vrnjacka Banja YUG"]
[Date "1971.??.??"]
[Round "?"]
[White "Damjanovic, Mato"]
[Black "Ivkov, Borislav"]
[Result "1/2-1/2"]
[WhiteElo "2500"]
[BlackElo "2570"]
[PlyCount "36"]
[EventDate "1971.04.??"]
[Source "www.chesslib.no"]
[SourceDate "2004.05.04"]

1. e4 e6 2. d4 d5 3. Nc3 Bb4 4. e5 c5 5. a3 Bxc3+ 6. bxc3 Ne7 7. a4 Nbc6 8. Nf3 Qa5 9. Qd2 Bd7 10. Be2 f6 11. O-O fxe5 12. dxe5 O-O 13. Re1 Ng6 14. Bd3 Nf4 15. Ng5 h6 16. Nh7 Nxd3 17. Nxf8 Nxe1 18. Nxd7 Rd8 1/2-1/2

[Event "Balaguer op"]
[Site "Balaguer"]
[Date "1997.??.??"]
[Round "?"]
[White "Hernandez, Gilberto"]
[Black "Ivanov, Sergey"]
[Result "1/2-1/2"]
[WhiteElo "2525"]
[BlackElo "2530"]
[PlyCount "115"]
[EventDate "1997.07.??"]
[Source "ChessBase"]
[SourceDate "1998.04.09"]

1. e4 e6 2. d4 d5 3. Nc3 Bb4 4. e5 c5 5. a3 Bxc3+ 6. bxc3 Ne7 7. a4 b6 8. Bb5+ Bd7 9. Bd3 Nbc6 10. Nf3 h6 11. O-O Qc7 12. Re1 O-O 13. Bf4 Ng6 14. Bg3 cxd4 15. Nxd4 Na5 16. Qg4 Qxc3 17. Rad1 Nc6 18. Nb5 Qb4 19. c4 dxc4 20. Bxg6 fxg6 21. Re4 Rad8 22. Rxc4 Qb2 23. Re4 Kh7 24. h4 Qc2 25. Rc4 Qf5 26. Qe2 Na5 27. Nd6 Qh5 28. Qxh5 gxh5 29. Rcd4 Bc6 30. f3 Bd5 31. Rxd5 exd5 32. e6 Nc6 33. Rc1 Nd4 34. Re1 Nf5 35. e7 Nxg3 36. Kf2 Rfe8 37. Nxe8 Nh1+ 38. Rxh1 Rxe8 39. Rd1 Rxe7 40. Rxd5 g6 41. a5 Kg7 42. a6 Kf6 43. Rd8 b5 44. Rb8 Re6 45. Rxb5 Rxa6 46. Rb7 Ke5 47. Kg3 Kd4 48. Rd7+ Kc5 49. Rg7 Kd5 50. Rh7 Kd4 51. Rd7+ Ke5 52. Re7+ Kf6 53. Rh7 Ra4 54. Rc7 Ra6 55. Rh7 Ra1 56. Rc7 a5 57. Rc6+ Kf5 58. Rc5+ 1/2-1/2

[Event "11. Metalis Open"]
[Site "?"]
[Date "2004.02.29"]
[Round "7"]
[White "Palac Mladen"]
[Black "Cebalo Miso"]
[Result "1/2-1/2"]
[WhiteElo "2566"]
[BlackElo "2475"]
[PlyCount "22"]
[EventDate "2004.??.??"]
[Source "www.chesslib.no"]
[SourceDate "2004.05.04"]

1. e4 e6 2. d4 d5 3. Nc3 Bb4 4. e5 c5 5. a3 Bxc3+ 6. bxc3 Ne7 7. a4 Qa5 8. Bd2 Bd7 9. Nf3 Bc6 10. dxc5 Nd7 11. Bd3 Qc7 1/2-1/2

[Event "Saint Petersburg 74/318"]
[Site "?"]
[Date "1998.??.??"]
[Round "?"]
[White "Sulskis, Sarunas"]
[Black "Rychagov, Andrei"]
[Result "1-0"]
[WhiteElo "2555"]
[BlackElo "2485"]
[PlyCount "85"]
[EventDate "1998.??.??"]
[Source "ChessBase"]
[SourceDate "1998.10.01"]

1. e4 e6 2. d4 d5 3. Nc3 Bb4 4. e5 c5 5. a3 Bxc3+ 6. bxc3 Ne7 7. a4 Nbc6 8. Nf3 Bd7 9. Ba3 Qa5 10. Qd2 cxd4 11. cxd4 Qxd2+ 12. Kxd2 Na5 13. Bb4 Nec6 14. Bd6 Rc8 15. h4 Nd8 16. h5 h6 17. Rh4 Nc4+ 18. Bxc4 Rxc4 19. a5 Ra4 20. Rxa4 Bxa4 21. Rh1 Bb5 22. Rb1 Ba6 23. c3 Nc6 24. Ra1 Kd7 25. Nh4 Rg8 26. g3 Bb5 27. Ke3 Ba6 28. f4 Rc8 29. Kd2 Rg8 30. g4 g6 31. hxg6 fxg6 32. Ng2 h5 33. gxh5 gxh5 34. Ne3 h4 35. f5 exf5 36. Nxd5 Rg2+ 37. Ke3 h3 38. Nf6+ Kd8 39. d5 Nxa5 40. Rxa5 h2 41. Ra1 Rg1 42. e6 Bb5 43. Rxa7 1-0

[Event "Cup European Club"]
[Site "Europe"]
[Date "1986.??.??"]
[Round "?"]
[White "Ekstroem, Roland"]
[Black "Beliavsky, Alexander G"]
[Result "0-1"]
[WhiteElo "2415"]
[BlackElo "2625"]
[PlyCount "73"]
[EventDate "1986.??.??"]
[Source "www.chesslib.no"]
[SourceDate "2004.05.04"]

1. e4 e6 2. d4 d5 3. Nc3 Bb4 4. e5 c5 5. a3 Bxc3+ 6. bxc3 Ne7 7. a4 Qa5 8. Bd2 Nbc6 9. Nf3 Bd7 10. Be2 f6 11. c4 Qc7 12. cxd5 Nxd5 13. c4 Nde7 14. exf6 gxf6 15. Bc3 O-O-O 16. d5 exd5 17. cxd5 Be6 18. dxe6 Rxd1+ 19. Rxd1 Qf4 20. O-O Rg8 21. Rfe1 Qg4 22. g3 Qxe6 23. Bf1 Qg4 24. Bg2 Rf8 25. a5 Kc7 26. Nd2 f5 27. Rb1 Ng6 28. Nb3 b6 29. axb6+ axb6 30. f4 Rd8 31. Kf2 Rd3 32. Re6 Rxc3 33. Rxc6+ Kd7 34. Rb2 Nxf4 35. gxf4 Qxf4+ 36. Ke1 Rc1+ 37. Ke2 0-1

[Event "Altensteig"]
[Site "?"]
[Date "1989.??.??"]
[Round "?"]
[White "Brunner, L."]
[Black "Kindermann, S."]
[Result "1/2-1/2"]
[WhiteElo "2505"]
[BlackElo "2530"]
[PlyCount "115"]
[EventDate "1989.??.??"]
[Source "ChessBase"]
[SourceDate "1989.07.01"]

1. e4 e6 2. d4 d5 3. Nc3 Bb4 4. e5 c5 5. a3 Bxc3+ 6. bxc3 Ne7 7. a4 Qa5 8. Qd2 Nbc6 9. Nf3 Bd7 10. Ba3 cxd4 11. cxd4 Qxd2+ 12. Kxd2 Nf5 13. c3 Na5 14. Ra2 Bc6 15. Bb5 Kd7 16. Rb1 f6 17. Kd3 h5 18. Nd2 fxe5 19. dxe5 Rhc8 20. Nb3 Bxb5+ 21. axb5 Nxb3 22. Rxb3 Rc4 23. Rb4 Rxb4 24. Bxb4 a6 25. h3 Kc7 26. g4 hxg4 27. hxg4 Nh6 28. f3 Kb6 29. bxa6 bxa6 30. Rb2 Ra7 31. Bf8+ Kc6 32. Rb8 Rf7 33. Ke3 a5 34. Ba3 Rc7 35. Bd6 Ra7 36. Re8 Kb5 37. Rxe6 Kc4 38. Bb8 Ra8 39. Rb6 Kxc3 40. e6 d4+ 41. Ke4 Ng8 42. Rc6+ Kb4 43. Bd6+ Kb5 44. Rc5+ Kb6 45. Kxd4 a4 46. Bc7+ Kb7 47. Be5 a3 48. Rc7+ Kb6 49. Rxg7 a2 50. Kc4 Kc6 51. f4 Nh6 52. e7 Kd7 53. g5 Ra5 54. gxh6 Rxe5 55. e8=Q+ Kxe8 56. Ra7 Rh5 57. Rxa2 Rxh6 58. Kd4 1/2-1/2

[Event "Soviet Union"]
[Site "Soviet Union"]
[Date "1975.??.??"]
[Round "?"]
[White "Klovans, Janis"]
[Black "Vaganian, Rafael A"]
[Result "1/2-1/2"]
[WhiteElo "2500"]
[BlackElo "2530"]
[PlyCount "29"]
[EventDate "1975.??.??"]
[Source "www.chesslib.no"]
[SourceDate "2004.05.04"]

1. e4 e6 2. d4 d5 3. Nc3 Bb4 4. e5 c5 5. a3 Bxc3+ 6. bxc3 Ne7 7. a4 Nbc6 8. Nf3 Qa5 9. Bd2 Bd7 10. Be2 Qc7 11. O-O O-O 12. Re1 h6 13. Bf4 Ng6 14. Bg3 Nce7 15. Ra2 1/2-1/2

[Event "It (Men) Santiago CHI"]
[Site "?"]
[Date "2006.03.26"]
[Round "6"]
[White "Felgaer Ruben"]
[Black "Rojas Luis"]
[Result "1/2-1/2"]
[WhiteElo "2607"]
[BlackElo "2423"]
[PlyCount "127"]
[EventDate "2006.??.??"]
[Source "www.chesslib.no"]
[SourceDate "2004.05.04"]

1. e4 e6 2. d4 d5 3. Nc3 Bb4 4. e5 c5 5. a3 Bxc3+ 6. bxc3 Ne7 7. a4 Qa5 8. Qd2 Nbc6 9. Nf3 Bd7 10. Be2 f6 11. exf6 gxf6 12. dxc5 e5 13. O-O O-O-O 14. c4 dxc4 15. Qxa5 Nxa5 16. Bd2 Nac6 17. Bxc4 Bg4 18. Be3 Bxf3 19. gxf3 Nd4 20. f4 Nxc2 21. Rab1 Nxe3 22. fxe3 e4 23. Be6+ Kc7 24. Rb4 f5 25. Rfb1 Rb8 26. Kf2 Rhd8 27. Ke2 b6 28. cxb6+ Rxb6 29. Rxb6 axb6 30. Rb5 Rf8 31. Re5 Kd6 32. Bb3 Rf6 33. Kf2 Rh6 34. Kg3 Rf6 35. Kh4 Rh6+ 36. Kg3 Rg6+ 37. Kh4 Rh6+ 38. Kg5 Rg6+ 39. Kh5 Kd7 40. a5 bxa5 41. Rxa5 Rg2 42. Ra7+ Kd6 43. Ra6+ Kc5 44. Re6 Rxh2+ 45. Kg5 Rb2 46. Re5+ Kd6 47. Bc4 Rc2 48. Kf6 Rxc4 49. Re6+ Kd5 50. Re5+ Kd6 51. Re6+ Kd5 52. Rxe7 Rc3 53. Rd7+ Kc6 54. Rxh7 Rxe3 55. Kxf5 Re1 56. Ke6 Kc5 57. f5 Rf1 58. Ke5 e3 59. Rc7+ Kb4 60. Rc2 Rf2 61. Rc1 e2 62. Re1 Kc3 63. f6 Kd2 64. Rxe2+ 1/2-1/2

[Event "JUG Team Ch"]
[Site "Zlatibor"]
[Date "1989.??.??"]
[Round "?"]
[White "Cabrilo, Goran"]
[Black "Drasko, Milan"]
[Result "0-1"]
[WhiteElo "2510"]
[BlackElo "2505"]
[PlyCount "74"]
[EventDate "1989.??.??"]
[Source "www.chesslib.no"]
[SourceDate "2004.05.04"]

1. e4 e6 2. d4 d5 3. Nc3 Bb4 4. e5 c5 5. a3 Bxc3+ 6. bxc3 Ne7 7. a4 Qa5 8. Bd2 Nbc6 9. Nf3 Bd7 10. Bb5 Qc7 11. O-O b6 12. Re1 O-O 13. Bd3 f6 14. exf6 gxf6 15. Nh4 Rf7 16. Re3 e5 17. Rg3+ Rg7 18. Rxg7+ Kxg7 19. Qh5 e4 20. Qh6+ Kg8 21. Qxf6 Rf8 22. Qg5+ Kh8 23. Bb5 Qd6 24. g3 Bh3 25. Bxc6 Nxc6 26. Be3 Rg8 27. Qh5 Bg4 28. Qf7 Rf8 29. dxc5 bxc5 30. Bf4 Qd8 31. Qb7 Qf6 32. Rf1 d4 33. cxd4 Nxd4 34. Qxe4 Ne2+ 35. Kh1 Nxf4 36. gxf4 Qxh4 37. Qe5+ Qf6 0-1

[Event "Dallas Pinfork op2"]
[Site "Dallas, TX USA"]
[Date "1996.??.??"]
[Round "7"]
[White "Hernandez, Gilberto"]
[Black "Bradford, Joseph M"]
[Result "1-0"]
[WhiteElo "2555"]
[BlackElo "2455"]
[PlyCount "69"]
[EventDate "1996.??.??"]
[Source "www.chesslib.no"]
[SourceDate "2004.05.04"]

1. e4 e6 2. d4 d5 3. Nc3 Bb4 4. e5 c5 5. a3 Bxc3+ 6. bxc3 Ne7 7. a4 Nbc6 8. Nf3 Qa5 9. Bd2 f6 10. c4 Qc7 11. exf6 gxf6 12. cxd5 Nxd5 13. c4 Ndb4 14. Be2 Bd7 15. Qb3 a5 16. d5 Nd8 17. O-O e5 18. Nh4 Nf7 19. Bh5 O-O 20. f4 e4 21. Qg3+ Kh8 22. Bc3 Nh6 23. Rae1 Bxa4 24. Rxe4 b5 25. Rfe1 Qg7 26. Qxg7+ Kxg7 27. Re7+ Kh8 28. Rb7 Bc2 29. Re6 bxc4 30. Rxf6 Rxf6 31. Bxf6+ Kg8 32. d6 Be4 33. Rg7+ Kf8 34. Rg5 Ra7 35. Rxc5 1-0

[Event "JUG-ch"]
[Site "JUG"]
[Date "1989.??.??"]
[Round "?"]
[White "Cabrilo, Goran"]
[Black "Lalic, Bogdan"]
[Result "1/2-1/2"]
[WhiteElo "2480"]
[BlackElo "2525"]
[PlyCount "107"]
[EventDate "1989.02.??"]
[Source "ChessBase"]

1. e4 e6 2. d4 d5 3. Nc3 Bb4 4. e5 c5 5. a3 Bxc3+ 6. bxc3 Ne7 7. a4 Nbc6 8. Nf3 Qa5 9. Qd2 Bd7 10. Ba3 cxd4 11. cxd4 Qxd2+ 12. Kxd2 Nf5 13. Bb2 Na5 14. Bc3 Nc4+ 15. Bxc4 dxc4 16. d5 exd5 17. Nd4 h5 18. Rhb1 O-O-O 19. Nxf5 Bxf5 20. Bd4 a6 21. Rb6 Bd7 22. Rd6 Bc6 23. Rxd8+ Kxd8 24. a5 Kd7 25. Ra3 h4 26. Rh3 Rh6 27. Rf3 Ke6 28. Rf4 Rg6 29. g3 hxg3 30. hxg3 Rh6 31. Rh4 Rxh4 32. gxh4 Kf5 33. Ke3 Kg4 34. f4 g6 35. c3 Kxh4 36. Bb6 Kg4 37. Bc5 Kf5 38. Bd4 Ba4 39. Bb6 Bc2 40. Bc7 Ke6 41. Kd4 Kd7 42. Bb6 Kc6 43. Ke3 Bf5 44. Kd4 Be6 45. Ke3 Kb5 46. Kd4 Ka4 47. Ke3 Kb5 48. Kd4 Kc6 49. Ke3 Bh3 50. Kd4 Bg2 51. Ke3 Kd7 52. Kd4 Ke6 53. Bd8 Kf5 54. Bg5 1/2-1/2

[Event "Gausdal Int"]
[Site "Gausdal"]
[Date "1991.??.??"]
[Round "8"]
[White "Prasad, Devaki V"]
[Black "Vladimirov, Evgeny"]
[Result "0-1"]
[WhiteElo "2420"]
[BlackElo "2580"]
[PlyCount "90"]
[EventDate "1991.08.??"]
[Source "ChessBase"]

1. e4 e6 2. d4 d5 3. Nc3 Bb4 4. e5 c5 5. a3 Bxc3+ 6. bxc3 Ne7 7. a4 Nbc6 8. Nf3 Bd7 9. Bd3 c4 10. Bf1 O-O 11. g3 f6 12. exf6 Rxf6 13. Bg2 h6 14. O-O Be8 15. Ne5 Nxe5 16. dxe5 Rf7 17. Be3 Nf5 18. Bd4 b6 19. f4 Qc7 20. Kh1 Rd8 21. Bh3 Qe7 22. g4 Nxd4 23. Qxd4 Qc5 24. g5 Bd7 25. g6 Re7 26. Bg4 Be8 27. Bh5 Rc7 28. Rf3 Qe7 29. f5 exf5 30. Rxf5 Qe6 31. Bg4 Qc6 32. Bh5 Bxg6 33. Bxg6 Qxg6 34. Raf1 Re7 35. R1f3 Kh7 36. h4 Qc6 37. h5 Rde8 38. Re3 Qxa4 39. e6 Qxc2 40. Rxd5 Rf8 41. Qe4+ Qxe4+ 42. Rxe4 a5 43. Rd6 b5 44. Re5 b4 45. Rxa5 bxc3 0-1

[Event "JUG-chT"]
[Site "Budva"]
[Date "1996.??.??"]
[Round "2"]
[White "Cabrilo, Goran"]
[Black "Drasko, Milan"]
[Result "1/2-1/2"]
[WhiteElo "2490"]
[BlackElo "2505"]
[PlyCount "58"]
[EventDate "1996.??.??"]
[Source "ChessBase"]

1. e4 e6 2. d4 d5 3. Nc3 Bb4 4. e5 c5 5. a3 Bxc3+ 6. bxc3 Ne7 7. a4 Qa5 8. Bd2 Nbc6 9. Nf3 Bd7 10. Bb5 f6 11. Qe2 Qc7 12. O-O a6 13. Bxc6 Nxc6 14. Rfe1 O-O-O 15. dxc5 fxe5 16. Nxe5 Qxe5 17. Qxe5 Nxe5 18. Rxe5 Rhf8 19. Be3 Rf5 20. Bd4 g5 21. a5 g4 22. Rae1 Rdf8 23. Rxe6 Bxe6 24. Rxe6 Kd7 25. Rb6 Kc7 26. g3 Rg8 27. Re6 Kd7 28. Rb6 Kc7 29. Rh6 Rf7 1/2-1/2

[Event "BL2-O 9192"]
[Site "GER"]
[Date "1992.??.??"]
[Round "?"]
[White "Cabrilo, Goran"]
[Black "Levitt, Jonathan"]
[Result "1-0"]
[WhiteElo "2520"]
[BlackElo "2465"]
[PlyCount "75"]
[EventDate "1991.10.??"]
[Source "www.chesslib.no"]
[SourceDate "2004.05.04"]

1. e4 e6 2. d4 d5 3. Nc3 Bb4 4. e5 c5 5. a3 Bxc3+ 6. bxc3 Ne7 7. a4 Qa5 8. Qd2 Nbc6 9. Nf3 Bd7 10. Be2 Rc8 11. Ba3 cxd4 12. cxd4 Qxd2+ 13. Kxd2 Na5 14. Rhb1 f6 15. Bd3 Kf7 16. g3 h6 17. h4 Rhd8 18. Ke1 b6 19. Bc1 f5 20. Ng1 Nc4 21. Ne2 Rc7 22. h5 Bc8 23. f3 Ba6 24. c3 Nc6 25. Nf4 N6a5 26. Ra2 Bc8 27. g4 fxg4 28. fxg4 Kg8 29. Ng6 Rf7 30. Ke2 Bd7 31. g5 hxg5 32. Bxg5 Rb8 33. Rg1 b5 34. h6 gxh6 35. Bf6 Rxf6 36. exf6 Be8 37. Ne5+ Kf8 38. f7 1-0

[Event "Munich Open 9192"]
[Site "Munich GER"]
[Date "1992.??.??"]
[Round "6"]
[White "Kostic, Vladimir"]
[Black "Ulibin, Mikhail"]
[Result "1/2-1/2"]
[WhiteElo "2390"]
[BlackElo "2585"]
[PlyCount "95"]
[EventDate "1992.01.??"]
[Source "www.chesslib.no"]
[SourceDate "2004.05.04"]

1. e4 e6 2. d4 d5 3. Nc3 Bb4 4. e5 c5 5. a3 Bxc3+ 6. bxc3 Ne7 7. a4 Qa5 8. Bd2 Nbc6 9. Nf3 Bd7 10. Be2 f6 11. Rb1 Qc7 12. Bf4 Ng6 13. Bg3 fxe5 14. O-O O-O 15. Bb5 cxd4 16. cxd4 Nf4 17. Bxc6 Bxc6 18. Nxe5 Bxa4 19. Rb4 b5 20. Qd2 Nh5 21. c3 Rfc8 22. Rc1 Nf6 23. f3 Nd7 24. Ng6 Qd8 25. Bh4 Qe8 26. Ne7+ Kh8 27. Nxc8 Rxc8 28. Re1 Nb6 29. Qe3 Rc6 30. Rbb1 Nc4 31. Qg5 Qf8 32. Re2 a5 33. Rbe1 b4 34. cxb4 axb4 35. Ra2 Nb6 36. Bg3 b3 37. Rae2 Nc4 38. Rxe6 Rxe6 39. Rxe6 b2 40. Re1 Na3 41. Qd2 b1=Q 42. Rxb1 Nxb1 43. Qc1 Qf5 44. Qc7 Be8 45. Qe7 Qf7 46. Qb4 Qf5 47. Qe7 Qf7 48. Qb4 1/2-1/2

[Event "Sportland NRW-Cup"]
[Site "Muenster"]
[Date "1993.??.??"]
[Round "11"]
[White "Smyslov, Vassily"]
[Black "Schaefer, Markus"]
[Result "1/2-1/2"]
[WhiteElo "2520"]
[BlackElo "2455"]
[PlyCount "23"]
[EventDate "1993.12.26"]
[Source "ChessBase"]

1. e4 e6 2. d4 d5 3. Nc3 Bb4 4. e5 c5 5. a3 Bxc3+ 6. bxc3 Ne7 7. a4 Nbc6 8. Nf3 Qa5 9. Qd2 Bd7 10. Bd3 f6 11. exf6 gxf6 12. O-O 1/2-1/2

[Event "Corr"]
[Site "corr"]
[Date "1987.??.??"]
[Round "?"]
[White "Lodge, David Wilfred"]
[Black "Namark, Lennart"]
[Result "1/2-1/2"]
[WhiteElo "2445"]
[BlackElo "2530"]
[PlyCount "116"]
[EventDate "1987.??.??"]
[Source "www.chesslib.no"]
[SourceDate "2004.05.04"]

1. e4 e6 2. d4 d5 3. Nc3 Bb4 4. e5 c5 5. a3 Bxc3+ 6. bxc3 Ne7 7. a4 Nbc6 8. Nf3 Qa5 9. Bd2 Bd7 10. Be2 f6 11. c4 Qc7 12. exf6 gxf6 13. cxd5 Nxd5 14. dxc5 O-O-O 15. a5 a6 16. O-O e5 17. Qc1 Rhg8 18. Kh1 Bg4 19. Ra4 f5 20. Ng1 Nd4 21. f3 Bh5 22. c6 Nxc6 23. Rc4 Bf7 24. Rc5 Qd6 25. Qa3 Nc7 26. Bb4 Rxg2 27. Rxc6 Rxg1+ 28. Rxg1 Qxc6 29. Qc3 Bd5 30. Qxc6 Bxc6 31. Rg3 Ne6 32. Kg1 Nd4 33. Kf2 Nxc2 34. Bc3 Nd4 35. Rg7 Rd7 36. Rxd7 Kxd7 37. Bd3 Ke6 38. f4 Bd5 39. fxe5 Nf3 40. Ke3 Nxe5 41. Bc2 h6 42. Bd1 Ng6 43. Kd4 Bg2 44. Bd2 Ne7 45. Ba4 h5 46. Bg5 Nc6+ 47. Bxc6 bxc6 48. h4 c5+ 49. Kxc5 Ke5 50. Kc4 Ke4 51. Kc3 Kf3 52. Kd4 Kg3 53. Ke5 Bh3 54. Bh6 Kxh4 55. Kf4 Bg4 56. Bg5+ Kh3 57. Bd8 Kg2 58. Bh4 Kf1 1/2-1/2

[Event "Berliner Sommer"]
[Site "Berlin"]
[Date "1996.??.??"]
[Round "3"]
[White "Suetin, Alexey S"]
[Black "Ulibin, Mikhail"]
[Result "1/2-1/2"]
[WhiteElo "2420"]
[BlackElo "2550"]
[PlyCount "53"]
[EventDate "1996.08.??"]
[Source "ChessBase"]

1. e4 e6 2. d4 d5 3. Nc3 Bb4 4. e5 c5 5. a3 Bxc3+ 6. bxc3 Ne7 7. a4 Qa5 8. Bd2 Nbc6 9. Nf3 Bd7 10. Bb5 f6 11. exf6 gxf6 12. O-O O-O-O 13. c4 Qc7 14. cxd5 Nxd5 15. c3 Rhg8 16. Re1 Nf4 17. Bxf4 Qxf4 18. Bd3 Rg7 19. Re4 Qd6 20. Rh4 f5 21. Qe1 cxd4 22. cxd4 Qd5 23. Qe3 Rdg8 24. g3 Rg4 25. Rxg4 Rxg4 26. Rc1 Kb8 27. Bc4 1/2-1/2

[Event "It (open)"]
[Site "Callao (Peru)"]
[Date "2007.08.12"]
[Round "6"]
[White "Escobar Forero Alder (COL)"]
[Black "Cordova Emilio (PER)"]
[Result "0-1"]
[WhiteElo "2477"]
[BlackElo "2492"]
[PlyCount "66"]
[EventDate "2007.??.??"]
[Source "www.chesslib.no"]
[SourceDate "2004.05.04"]

1. e4 e6 2. d4 d5 3. Nc3 Bb4 4. e5 c5 5. a3 Bxc3+ 6. bxc3 Ne7 7. a4 Qa5 8. Bd2 Nbc6 9. Nf3 Bd7 10. h4 O-O-O 11. h5 f6 12. h6 fxe5 13. hxg7 Rhg8 14. Rxh7 exd4 15. cxd4 Qc7 16. dxc5 e5 17. a5 a6 18. Rb1 Bf5 19. Rh6 Rxg7 20. Rb6 Rg6 21. Rxg6 Nxg6 22. Bg5 Rd7 23. Qd2 Be4 24. Qc3 d4 25. Qa3 Bd5 26. Nh4 Nxh4 27. Bxh4 Rh7 28. g3 Qd7 29. f3 Rf7 30. Be2 Qh3 31. Kd2 Qg2 32. Rb3 Bc4 33. Rd3 e4 0-1